Statistics for Bourne (film series)

Click here to take the quiz!

General Stats

  • This quiz has been taken 12 times
  • The average score is 5 of 5

Answer Stats

Hint Answer % Correct
2002The Bourne Identity
100%
2004The Bourne Supremacy
91%
2007The Bourne Ultimatum
91%
2016Jason Bourne
91%
2012The Bourne Legacy
82%

Score Distribution

Percentile by Number Answered

Percent of People with Each Score

Your Score History

You have not taken this quiz